| 000 | 00494nam a22001457a 4500 | ||
|---|---|---|---|
| 005 | 20150409162031.0 | ||
| 008 | 150409b xxu||||| |||| 00| 0 eng d | ||
| 040 | _cPK-LaUMT | ||
| 082 |
_aKHC 297.86 _bABU-Q |
||
| 100 | _aابوالاعلی مودودی | ||
| 245 |
_aقادیانی مسئلہ اور اسکے سیا سی ، دینی اور تمدنی پہلو _cابوالاعلی مودودی |
||
| 260 |
_aلاہور _bاسلامک پبلیکیشنز _c1963 |
||
| 300 | _a423 ص | ||
| 942 | _cBK | ||
| 999 |
_c69822 _d69822 |
||